[Event "IECC Team FBIM email"]
[Site "UECC email"]
[Date "2000.??.??"]
[Round "7.17"]
[White "Barcia, Jorge"]
[Black "Yanes Aulestia, Francisco Luis"]
[Result "0-1"]
[WhiteElo "1400"]
[BlackElo "1973"]
[PlyCount "26"]
[EventDate "2000.03.??"]
[EventType "team (corr)"]
[EventRounds "10"]
[SourceTitle "Corr 2002"]
[Source "ChessBase"]
[SourceDate "2002.05.23"]
[SourceVersion "1"]
[SourceVersionDate "2002.05.23"]
[SourceQuality "1"]

1. d4 d5 2. c4 e6 3. Nc3 Nf6 4. Bg5 Nbd7 5. e3 c6 6. Nf3 Qa5 7. Nd2 Bb4 8. Qc2 0-0 9. Be2 e5 10. Bxf6 Nxf6 11. dxe5 Ne4 12. cxd5 Nxc3 13. bxc3 Bxc3 0-1

[Event "IECC Team FBIM email"]
[Site "UECC email"]
[Date "2000.??.??"]
[Round "4.17"]
[White "Junaidi, Barlian"]
[Black "Barcia, Jorge"]
[Result "1-0"]
[WhiteElo "1955"]
[BlackElo "1400"]
[PlyCount "27"]
[EventDate "2000.03.??"]
[EventType "team (corr)"]
[EventRounds "10"]
[SourceTitle "Corr 2002"]
[Source "ChessBase"]
[SourceDate "2002.05.23"]
[SourceVersion "1"]
[SourceVersionDate "2002.05.23"]
[SourceQuality "1"]

1. e4 c5 2. Nf3 Nc6 3. d4 cxd4 4. Nxd4 Nf6 5. Nc3 e5 6. Ndb5 d6 7. Bg5 a6 8. Bxf6 gxf6 9. Na3 b5 10. Nd5 Bg7 11. c4 f5 12. cxb5 Nd4 13. bxa6 fxe4 14. Bc4 1-0